Minecraft - Who Wants to Be a Millionaire? - Statistics

General Stats
  • This quiz has been taken 602 times
  • The average score is 9 of 15
Answer Stats
Question Answer % Correct
(£100) To light a fire, or the entrance to the Nether, you would use what? Flint and Steel
98%
(£300) When killed, pigs drop what type of meat? Raw Porkchop
97%
(£200) Zombies and Skeletons are vulnerable to which of the following? Sunshine
96%
*Checkpoint* (£1,000) The Creeper was made by accident whilst Notch was trying to create which passive mob? Pig
81%
(£2,000) A trapped chest is crafted through the combination of a chest and which other item? Tripwire hook
78%
(£4,000) The achievement ‘Taste of your own medicine’ is unlocked once the player has done what? Splashed a Witch with a poison potion
62%
(£500) Stampylonghead’s ‘Minecraft Xbox’ series is located where? Stampy's Lovely World
62%
*Checkpoint* (£32,000) How many extra hearts of damage does a Diamond sword deal? 7
59%
(£16,000) Which of these is not a music disc title? skull
59%
(£64,000) Which enchantment has the highest maximum level? Bane of Arthropods
54%
(£8,000) Minecraft was officially released in what year? 2009
51%
(£1,000,000) When would a ‘Worried Panda’ shake and hide their face? During Thunderstorms
51%
(£250,000) A group of Endermen is known as what? A Haunting
47%
(£125,000) Out of the following YouTubers, who has the most subscribers? ibxtoycat
15%
(£500,000) Which of these do NOT appear on the cover for Minecraft Xbox 360 edition? A Villager running from a Zombie
10%
No matching quizzes found
Score Distribution
Percent of People with Each Score
Percentile by Number Answered
Your Score History
You have not taken this quiz